Determination of C-130 model (Record no. 323526)

000 -LEADER
fixed length control field 00324 a2200133 4500
001 - CONTROL NUMBER
control field 88453
082 ## - DEWEY DECIMAL CLASSIFICATION NUMBER
Classification number PR 668
090 ## - LOCALLY ASSIGNED LC-TYPE CALL NUMBER (OCLC); LOCAL CALL NUMBER (RLIN)
-- 41878
-- 41878
100 ## - MAIN ENTRY--PERSONAL NAME
Personal name Zia Ud Din
245 ## - TITLE STATEMENT
Title Determination of C-130 model
260 ## - PUBLICATION, DISTRIBUTION, ETC.
Place of publication, distribution, etc. Karachi
Name of publisher, distributor, etc. University of Karachi
Date of publication, distribution, etc. 1972
300 ## - PHYSICAL DESCRIPTION
Extent 170p.
500 ## - GENERAL NOTE
General note BE Project Reports
942 ## - ADDED ENTRY ELEMENTS (KOHA)
Institution code [OBSOLETE] University of Karachi
Call number prefix PR 668
Holdings
Withdrawn status Lost status Damaged status Not for loan Collection code Permanent Location Current Location Date acquired Total Checkouts Full call number Barcode Date last seen Price effective from Koha item type
          College of Aeronautical Engineering (CAE) College of Aeronautical Engineering (CAE) 04/03/2017   PR 668 CAEPR-668 04/05/2017 04/05/2017 Book
© 2023 Central Library, National University of Sciences and Technology. All Rights Reserved.